Manual para una conducta sustentable, en la oficina /
El documento proporciona recomendaciones prácticas tendientes a implementarse en las oficinas, para generar hábitos de ahorro económicos y energéticos en las oficinas.
Uloženo v:
| Další autoři: | |
|---|---|
| Médium: | Kniha |
| Jazyk: | španělština |
| Témata: | |
| Tagy: |
Žádné tagy, Buďte první, kdo vytvoří štítek k tomuto záznamu!
|
MARC
| LEADER | 00000nam^a2200000^a^4500 | ||
|---|---|---|---|
| 001 | 000157051 | ||
| 005 | 20250521000000.0 | ||
| 009 | 20260310100525.247 | ||
| 037 | |a Acervo ITESO - Biblioteca | ||
| 041 | |a ESP | ||
| 082 | |a 333. 7 |b MAN | ||
| 245 | 0 | 0 | |a Manual para una conducta sustentable, en la oficina / |c Presen. de R.H. González Nuñez. |
| 264 | |a Guadalajara, México : |b Secretería de Medio Ambiente para el Desarrollo Sustentable, |c 2002 | ||
| 300 | |a 41 p. | ||
| 336 | |a texto |b txt |2 rdacontenido | ||
| 337 | |a sin mediación |b n |2 rdamedio | ||
| 338 | |a volumen |b nc |2 rdasoporte | ||
| 520 | |a El documento proporciona recomendaciones prácticas tendientes a implementarse en las oficinas, para generar hábitos de ahorro económicos y energéticos en las oficinas. | ||
| 649 | |a XX | ||
| 650 | |a Consumo | ||
| 650 | |a Ahorro | ||
| 650 | |a Clima Organizacional | ||
| 650 | |a Calidad de Vida | ||
| 650 | |a Conservación y Protección Ambiental | ||
| 650 | |a Educación Ambiental | ||
| 650 | |a Recursos Humanos | ||
| 650 | |a Organización Administrativa | ||
| 650 | |a Proceso Administrativo | ||
| 650 | |a Oficinas Empresariales - |x Materiales y Equipo | ||
| 650 | |a Edificios Públicos | ||
| 650 | |a Desarrollo Sustentable | ||
| 650 | |a Recursos Naturales - |x Administración | ||
| 700 | |a González Núñez, Ramón Humberto |e (presentación) | ||
| 910 | |a Fondo General | ||
| 920 | |a Impresos - Libros | ||
| 930 | |a Colección General | ||
| 905 | |a 101 | ||
| 901 | |a 0500084038 |b IT1 |c ACC |u 20250521 | ||
| 902 | |a https://opac.biblio.iteso.mx/vufind/Record/000157051 | ||